|
|
|
|
| LEADER |
00000nab a2200000 a 4500 |
| 001 |
vtls010259875 |
| 003 |
SK-MaSNL |
| 005 |
20260304155849.0 |
| 008 |
25050709c2009 xo o |||||||||||||||slon |
| 015 |
|
|
|a SNBRB2010/03
|
| 035 |
|
|
|a SVKKK000099828
|
| 035 |
|
|
|a (urnnbn)urn:nbn:sk:snk:ar-005kim
|
| 035 |
|
|
|a (uuid)d1324606-90d2-48af-baee-ea696a2340b3
|
| 035 |
|
|
|a urn:nbn:sk:snk-ab80n8
|
| 038 |
|
|
|a SVKKK
|
| 040 |
|
|
|a SNKBUCL
|b slo
|c SNKBUCL
|e AACR2
|
| 041 |
0 |
|
|a eng
|
| 044 |
|
|
|a xo
|c SK
|
| 080 |
|
|
|a 563.1(234.372.3)
|2 1997
|
| 100 |
1 |
|
|a Jamrich, M.
|4 aut
|9 1135465
|
| 245 |
1 |
0 |
|a Calcareous nannofossils from the Devínska Nová Ves-clay pit; biostratigraphical and paleoecological interpretation
|c M. Jamrich, E. Halásová
|
| 650 |
0 |
7 |
|a vápnité nanofosílie
|x biostratigrafia
|x paleoekológia
|z Devínska Nová Ves (Slovensko)
|2 snkbucl
|9 1482022
|
| 700 |
1 |
|
|a Halásová, E.
|4 aut
|9 778639
|
| 773 |
0 |
|
|t Mineralia slovaca
|g Roč. 41, č. 3 (2009)
|g Č. 3 (2009), s. 358-359
|x 0369-2086
|
| 773 |
0 |
|
|t Geovestník
|g Roč. 41, č. 3 (2009)
|g Č. 3 (2009), s. 358-359
|x 0369-2086
|
| 850 |
|
|
|a Slovenská národná knižnica
|
| 852 |
|
|
|a Slovenská národná knižnica
|
| 958 |
|
|
|a article9
|
| 958 |
|
|
|a OND
|
| 958 |
|
|
|a SK
|
| 958 |
|
|
|a EUIPO
|
| 999 |
|
|
|c 2964513
|d 2966443
|